| 000 | 01619 a2200205 4500 | ||
|---|---|---|---|
| 001 | 22766 | ||
| 005 | 20260407155517.0 | ||
| 008 | 260407a1968 arg spa d | ||
| 003 | AR-UNSa-BCEJYS | ||
| 040 |
_aAR-UNSa-BCEJYS _bspa _cAR-UNSa-BCEJYS |
||
| 080 |
_a657 _xContabilidad |
||
| 245 | 1 | 0 |
_aLa contabilidad en la administración de empresas _ptexto y casos |
| 264 | 1 |
_aMéxico : _bUnión Tipográfica Editorial Hispano-Americana (UTEHA) _c1968 |
|
| 300 |
_axx, 721 p. _c23 cm. |
||
| 505 | _aParte I: Principios de contabilidad financiera : 1. Uso de la información contable por la administración - 2. Conceptos contables básicos - 3. Introducción a la medición de los ingresos - 4. Registros y sistemas contables - 5. Otros aspectos de la medición de ingresos - 6. Activos fijo y depreciación - 7. La medición de ingresos en las compañías - 8. Las acciones de capital, el superávit y los bonos - 9. El problema del nivel de precios - 10. Repaso de contabilidad financiera - Parte II: La contabilidad y el control administrativo: 11. Análisis de estados financieros - 12. Estados de movimiento de fondos - 13. Conceptos relativos al control - 14. Fundamentos de la contabilidad de costos - 15. Comparación de lo real y lo estándar - Parte III: La contabilidad en la administración para planificación : 17. La decisión entre cursos alternativos de acción - 18. Planeación de inversiones en activo fijo - 19. Nuevos horizontes de la contabilidad - 20. Casos de repaso. | ||
| 942 | _cBK | ||
| 590 | _aniveau_biblio:m niveau_hierar:0 | ||
| 100 | 1 | _aAnthony, Robert N. | |
| 700 | 1 | _aFagoaga C., Manuel | |
| 999 |
_c1053 _d1053 |
||